000 00371nam a2200169Ia 4500
100 _aPareek Udai/ Purohit S
650 _aHRD
250 _a3
942 _cBK
366 _f25
654 _aHRD
245 _aTraining instruments in HRD & OD
260 _bTata Mc Graw hill Ltd.
_c2010
082 _a658.31244
_bPAR
300 _a843
546 _aENGLISH
_cInfo.Tech
999 _c18620
_d18620